Jazyková čítanka německých textů pro posluchače matematicko-fyzikální fakulty Karlovy university /

Hlavní autor: Urbanová, Anna, 1912-2004
Korporativní autor: Univerzita Karlova
Další autoři: Nováková, Eliška, 1911-2013
Jazyk: Němčina
Čeština
Vydáno: Praha : SPN, 1965
Vydání: Dotisk
Edice: Učební texty vysokých škol
Fyzický popis: 108 s. ; 4°
Knihy
Uloženo v:
LEADER 01210nam a22003372a 4500
001 000746978
003 CZ BrMZK
005 20061102094509.0
007 ta
008 041102s1965 xr er|||||||||||cze d
015 |a cnb000487420 
035 |a (OCoLC)85348955 
040 |a ABA001  |b cze  |c OSA001  |d ABA001  |d BOA001 
041 0 |a cze  |a ger 
080 |a 430:51/53(075.8)  |2 undef 
100 1 |a Urbanová, Anna,  |d 1912-2004  |7 jk01140888  |4 aut 
245 1 0 |a Jazyková čítanka německých textů pro posluchače matematicko-fyzikální fakulty Karlovy university /  |c Anna Urbanová, Eliška Nováková 
250 |a Dotisk 
260 |a Praha :  |b SPN,  |c 1965  |e (Brno :  |f G 06) 
300 |a 108 s. ;  |c 4° 
490 1 |a Učební texty vysokých škol 
500 |a Vyd. Karlova univ. v Praze 
500 |a Něm.-čes. slovníčky k lekcím 
504 |a Obsahuje bibliografii 
500 |a 663 výt. 
700 1 |a Nováková, Eliška,  |d 1911-2013  |7 jk01090571  |4 aut 
710 2 |a Univerzita Karlova  |7 kn20010710036 
830 0 |a Učební texty vysokých škol 
910 |a BOA001  |b PK-N-0005.620-65 
990 |a BK 
996 7 |b 3119653726  |c PK-N-0005.620-65  |l MZK  |r Sklad / do 1 hodiny  |n 0  |w 000746978  |u 000010  |a 1  |e BOA001  |j MZK50  |s A